| 000 | 00913nam a2200253 i 4500 | ||
|---|---|---|---|
| 001 | 163869 | ||
| 003 | ES-MaACL | ||
| 005 | 20230910213433.0 | ||
| 008 | 050726s1901 sp ac | |||||||| ||spa d | ||
| 040 |
_aCAM _bspa _cCAM |
||
| 100 | 1 |
_aRojas, Agustín de. _9132003 |
|
| 245 | 1 | 3 |
_aEl viaje entretenido _b: libros primero y segundo / _cde Agustín de Rojas ; con un estudio crítico de Manuel Cañete. |
| 250 | _aReprod. de la 1ª ed. completa de 1604. | ||
| 260 |
_aMadrid : _bB. Rodríguez Serra, editor, _c1901. |
||
| 300 |
_a2 v. ; _c18 cm. |
||
| 490 | 1 | _aColección de libros picarescos | |
| 599 | _aFront. y port. orlada. | ||
| 599 | _aRetrato del autor. | ||
| 700 | 1 |
_aCañete, Manuel, _d1822-1891 _934750 |
|
| 700 | 1 |
_aRodríguez Serra, B. _9131955 |
|
| 830 | 0 |
_aColección de libros picarescos _9222308 |
|
| 852 |
_aES-MaACL _jF-13560-61 _z-- Enc. hol. |
||
| 999 |
_c163869 _d163869 |
||